MARC

LEADER 00000nas a2200000 a 4500
001 ssj0000627387
003 WaSeSS
005 20200512172242.0
006 m d
007 cr n
008 990122u1998uuuupk fr p s 0 0eng
010 |a sn 99031061  
016 7 |a 010488123  |2 Uk 
022 |l 1993-4696  |y 1993-4696 
035 |a (WaSeSS)ssj0000627387 
040 |a HLS  |b eng  |c HLS  |d WAU  |d DLC  |d SYS  |d UKMGB  |d DLC  |d SERSO  |d DLC  |d OCLCF  |d XFH  |d OCLCQ  |d U3G  |d AUD  |d OCLCA  |d OCL  |d OCLCQ  |d WaSeSS 
042 |a pcc 
043 |a a------ 
050 0 0 |a DS785.A1  |b J68 
082 0 0 |a 958/.005 
210 1 |a J. Asian civiliz. 
222 0 |a Journal of Asian civilizations 
245 0 0 |a Journal of Asian Civilisations  |h [electronic resource]. 
246 1 |i Issues for <Dec. 1999-> have title:  |a Journal of Asian Civilizations 
260 |a Islamabad, Pakistan :  |b Taxila Institute of Asian Civilisations,  |c 1998- 
310 |a Semiannual 
362 0 |a Vol. 21, no. 1 (July 1998)- 
506 |a License restrictions may limit access. 
515 |a Some numbers are published as a special issue. 
588 |a Latest issue consulted: V. 34, no. 2 (Dec. 2011). 
588 |a Latest issue consulted: Vol. 22, no. 2 (Dec. 1999). 
650 7 |a Civilization.  |2 fast  |0 (OCoLC)fst00862898 
651 0 |a Asia, Central  |x Civilization  |v Periodicals. 
651 0 |a Asia  |x Civilization  |v Periodicals. 
651 0 |a South Asia  |x Civilization  |v Periodicals. 
651 0 |a East Asia  |x Civilization  |v Periodicals. 
651 7 |a Asia.  |2 fast  |0 (OCoLC)fst01240495 
651 7 |a Central Asia.  |2 fast  |0 (OCoLC)fst01240497 
651 7 |a East Asia.  |2 fast  |0 (OCoLC)fst01243628 
651 7 |a South Asia.  |2 fast  |0 (OCoLC)fst01244520 
655 0 |a Electronic journals. 
710 2 |a Taxila Institute of Asian Civilisations. 
780 0 0 |t Journal of Central Asia  |w (DLC) 78931324  |w (OCoLC)5235246 
850 |a DLC  |a MH 
853 0 0 |8 1  |a v.  |b no.  |i (year)  |j (month) 
856 4 0 |z Full text available from Research Library: 07/01/2009 to 07/31/2016  |u https://search.proquest.com/publication/105703 
863 4 0 |8 1  |a <21>  |b <1>-  |i <1998>  |x provisional